Countries Starting with 'K' - Statistics

General Stats
  • This quiz has been taken 144 times
  • The average score is 6 of 6
Answer Stats
Continent Country % Correct
Asia Kazakhstan
97%
Africa Kenya
96%
Europe Kosovo
92%
Oceania Kiribati
91%
Asia Kyrgyzstan
91%
Asia Kuwait
88%
No matching quizzes found
Score Distribution
Percent of People with Each Score
Percentile by Number Answered
Your Score History
You have not taken this quiz